000 00440nam a2200157 i 4500
001 142758
003 ES-MaACL
005 20230906200620.0
007 t|
008 071009s1921 be ||||1| spa d
100 1 _aVierendeel, Arthur.
_9114592
245 1 0 _aEsquisse d'une histoire de la technique /
_cpar A. Vierendeel.
260 _aBruxelles :
_bVromant et Cie.,
_c1921.
300 _a2 v. ;
_c19 cm.
852 _aES-MaACL
_jF-12095-6
999 _c142758
_d142758